LEADER 01203nam a2200253 i 4500 001 000000215189 003 CaOOAMICUS 005 20231026113159.0 008 120816s1806 it u000 u mul u 013 $a194061 026 $aa-b- ,ela e;s, mace (3) 1806 (R) 040 $aSeMil$bita 245 10$aTomo 1. 300 $a[8], LXV, [1], 339, [1] p., [1] carta di tav. :$britr. 500 $aContiene confutazioni di opere di Rousseau 500 $aRitr. di papa pio VII disegnato da Alessandro Scarrozza ed inciso da Giovanni Petrini 500 $aSegn.: *4 a-h4 chi1 A-2S4 2T6 700 1 $aScarozza, Alessandro .$0(OLS)http://semarc/name/76416 700 1 $aPetrini, Giovanni .$0(OLS)http://semarc/name/38239 773 0 $aGerdil, Giacinto Sigismondo <1718-1802>$tOpere edite ed inedite del cardinale Giacinto Sigismondo Gerdil ... dedicate alla Santità di N. S. Pio 7. p. m. Tomo 1. [-20.].$dIn Roma : Dalle stampe di Vincenzo Poggioli, in via dell'Anima n. 10, 1806-1821.$g1$w()27233 850 $aSeMil 852 $aSeMil$W1$xVenegono$y1$m2B V 1 FA$j165610$B165610$CSeMilBibl$Z2$F176602 $8I 996 $6245$aTomo 1$9(OLS)http://semarc/title/46685 LEADER 00899nam a2200193 i 4500 001 000000234411 003 CaOOAMICUS 005 20141014000000.0 008 141014s1796 it u000 u ita u 013 $a213314 026 $a4.e- IIti d.g- poni (3) 1796 (R) 040 $aSeMil$bita 245 10$aTomo 18. 300 $axv, [1], 493, [3] p. 500 $aSegn. : *8 A-2H8. 773 0 $aBérault Bercastel, Antoine Henri : de <1722-1794>$tStoria del cristianesimo dell'abate di Berault-Bercastel canonico della Chiesa di Noyon recata dalla francese nell'italiana favella da Francesco Zacchiroli con dissertazioni e note dell'abate Giambattista Zugno. Tomo 1. [-28.].$dVenezia : Presso Antonio Fortunato Stella, 1793-1800.$g18$w()30698 850 $aSeMil 852 $aSeMil$W1$xVenegono$y1$m3A II 18 FA$j184757$B184757$CSeMilBibl$Z2$F195747 $8I 996 $6245$aTomo 18$9(OLS)http://semarc/title/298344